Telo ako dôkaz

Hlasová biometria. Pomerne vysoký štandard bezpečnosti. Spoločnosť Nuance - jeden z priekopníkov hlasových technológií. Využitie hlasovej biometrie v Tatra banke a v Telekome. Hlasová biometria na naštartovanie auta. Identifikácia podľa odtlačku prsta. Mobil ako snímač.

Salvato in:
Dettagli Bibliografici
Autore principale: Biel, Marián
Natura: Capitolo di libro
Lingua:slovacco
Soggetti:
Tags: Aggiungi Tag
Nessun Tag, puoi essere il primo ad aggiungerne!!

MARC

LEADER 00000naa a2200000 4500
001 0205215
005 20231113103256.6
041 0 |a slo 
044 |a SK 
245 1 0 |a Telo ako dôkaz  |c Marián Biel 
520 |a Hlasová biometria. Pomerne vysoký štandard bezpečnosti. Spoločnosť Nuance - jeden z priekopníkov hlasových technológií. Využitie hlasovej biometrie v Tatra banke a v Telekome. Hlasová biometria na naštartovanie auta. Identifikácia podľa odtlačku prsta. Mobil ako snímač. 
610 2 0 |a technológie informačné 
610 2 0 |a technológie komunikačné 
610 2 0 |a hardvér 
610 2 0 |a softvér 
610 2 0 |a identifikácia automatická 
610 2 0 |a telefón mobilný 
100 1 |a Biel, Marián